Ako sa rodí rozprávka

Bibliographic Details
Main Author: Škutová, Margita (Author)
Format: Article
Language:Slovak
Subjects:

MARC

LEADER 00000nab a2200000 a 4500
001 vtls009277201
003 SK-MaSNL
005 20260303052433.0
008 080318 2008 xo w 000 0 slo
038 |a LVTK 
040 |a LVTK  |b slo  |e AACR2  |c LVTK 
041 1 |a slo 
044 |a xo  |c SK 
080 |a 373.3  |2 2001 
080 |a 026/027  |2 2001 
100 1 |a Škutová, Margita  |4 aut  |9 1043516 
245 1 0 |a Ako sa rodí rozprávka  |c Margita Škutová 
300 |b Fotogr. 
610 2 7 |a Základná škola Andreja Kmeťa (Levice, Slovensko)  |2 lvtk  |9 1040486 
611 2 7 |a Týždeň slovenských knižníc  |n (9. :  |d 2008 :  |c Levice, Slovensko)  |2 lvtk  |9 1043514 
650 0 7 |a základné školy  |2 snkph  |9 1280 
650 0 7 |a podujatia  |2 lvtk  |9 405652 
651 7 |a Levice (Slovensko)  |2 snkph  |9 55713 
773 1 |t Prima  |g Roč. 16, č. 12 (2008), s. 8  |x 1336-3697 
852 |a LVTK  |b KIS3GCP 
999 |c 1715314  |d 1717244